| 000 | 00470nam a22001217a 4500 | ||
|---|---|---|---|
| 999 |
_c21328 _d21328 |
||
| 008 | 240905b ||||| |||| 00| 0 eng d | ||
| 100 |
_aBalagtas, Teresita E. _eauthor. _960202 |
||
| 245 |
_aPagtuturo ng pagbasa sa unang baitang / _cTeresita E. Balagtas. |
||
| 260 |
_aPhilippines; _bPublishers Association of the Philippines, Inc., _cJune 2019. |
||
| 300 |
_aVolume 168, pages 35, _billustration. |
||
| 700 |
_aBalagtas, Teresita E. _eauthor. _960202 |
||
| 942 |
_2ddc _cPER |
||